000 00713nam a2200289Ia 4500
005 20260324140759.0
008 008 260324s9999 xx 000 0 eng d
020 _a9780429456152
037 _aEBOOK
040 _aCRL
040 _beng
040 _cCRL
041 _2eng
041 _aeng
084 _qCRL
100 _aStephen Wood
_91205716
245 0 _aGermany, Europe and the Persistence of Nations
245 0 _bTransformation, Interests and Identity, 1989-1996
260 _bTaylor and Francis
260 _c1998
365 _a
365 _b205
856 _uhttp://www.taylorfrancis.com/books/9780429456152
942 _cEBOOK
999 _c1808114
_d1808114